=LDR 00000nam 2200000 4500 =001 INLIS000000000003157 =005 20130612091453 =008 ***********************************Ind** =035 ##$$0010-061300000003157 =041 ##$$a Ind =082 ##$$a 636.6 =090 ##$$a 636.6, Suy s =100 ##$$a Suyudono, R Roso =245 ##$$a Sukses memelihara derkuku dan puter / R. Roso Suyudono. -- =260 ##$$a 1999 $b Jakarta : Penebar Swadaya =300 ##$$a viii, 64 hlm. : ilus. ; 21 cm =650 ##$$a Derkuku ( Burung ) =850 ##$$a NBPNMAT